[Event "Schleswig Holstein-ch Seniors op 11th"]
[Site "Buesum"]
[Date "2017.09.08"]
[Round "1"]
[White "Limberg, Siegfried"]
[Black "Decho, Wilhelm"]
[Result "1-0"]
[WhiteElo "2019"]
[BlackElo "1750"]
[PlyCount "85"]
[EventDate "2017.09.08"]
[EventType "swiss"]
[EventRounds "9"]
[EventCountry "GER"]
[SourceTitle "EXT 2019"]
[Source "ChessBase"]
[SourceDate "2018.10.10"]
[SourceVersion "1"]
[SourceVersionDate "2018.10.10"]
[SourceQuality "1"]

1. d4 c6 2. c4 d5 3. Nc3 Nf6 4. Nf3 h6 5. e3 Bf5 6. Qb3 Qb6 7. c5 Qxb3 8. axb3 Nbd7 9. b4 e6 10. b5 Be7 11. bxc6 bxc6 12. Ba6 Rb8 13. 0-0 0-0 14. Re1 Ne4 15. Nxe4 Bxe4 16. Nd2 Nxc5 17. dxc5 Bxc5 18. Nxe4 dxe4 19. Rd1 Rfd8 20. Rxd8+ Rxd8 21. Be2 Rb8 22. Ra4 Rb4 23. Rxb4 Bxb4 24. b3 a5 25. Bb2 Kf8 26. Ba6 c5 27. Bb7 f5 28. Kf1 g6 29. f3 exf3 30. gxf3 Ke7 31. Be5 Kd7 32. Ke2 h5 33. f4 Kd8 34. Bc6 Ke7 35. Kd3 Be1 36. Bc3 Bxc3 37. Kxc3 Kd6 38. Be8 Kd5 39. Kd3 h4 40. h3 e5 41. Bf7+ Kd6 42. Bxg6 exf4 43. exf4 1-0